Govt. of
Madhya Pradesh

Normal view MARC view

Entry Topical Term

Number of records used in: 1

001 - CONTROL NUMBER

  • control field: 66261

003 - CONTROL NUMBER IDENTIFIER

  • control field: OSt

005 - DATE AND TIME OF LATEST TRANSACTION

  • control field: 20160806124532.0

008 - FIXED-LENGTH DATA ELEMENTS

  • fixed length control field: 160806|| aca||aabn | a|a d

040 ## - CATALOGING SOURCE

  • Original cataloging agency: OSt
  • Transcribing agency: OSt

150 ## - HEADING--TOPICAL TERM

  • Topical term or geographic name entry element: 60

670 ## - SOURCE DATA FOUND

  • Source citation: Work cat.: (OSt): रचनावली, रवींद्रनाथ टैगोर 66260, करूणा , 2013